How many words can you make? - Statistics

General Stats
  • This quiz has been taken 357 times
  • The average score is 8 of 45
Answer Stats
Answer % Correct
pain
79%
paan
61%
tain
60%
cain
54%
pact
52%
cant
50%
paint
45%
pint
45%
pant
43%
captain
40%
aint
25%
pani
20%
tapa
20%
anti
17%
panic
16%
pina
16%
napa
14%
patin
13%
pita
13%
paca
12%
actin
10%
inca
9%
pica
9%
pinta
9%
capita
8%
antic
7%
inapt
7%
acta
6%
catnap
6%
catnip
6%
nipa
6%
capn
5%
captan
5%
patina
5%
anta
4%
pinata
4%
tian
4%
apian
3%
atap
3%
canti
3%
pian
3%
taipan
3%
acai
1%
tacan
1%
tania
1%
No matching quizzes found
Score Distribution
Percent of People with Each Score
Percentile by Number Answered
Your Score History
You have not taken this quiz